| 000 | 00752 a2200229 4500 | ||
|---|---|---|---|
| 003 | Nust | ||
| 005 | 20210301134953.0 | ||
| 008 | 170416b xxu||||| |||| 00| 0 eng d | ||
| 038 | _awaseem | ||
| 040 |
_aDLC _bDLC _cNust |
||
| 082 |
_a297.4 _bKHA |
||
| 100 |
_aUppal,Khalid Rashid _927728 _6100-01 |
||
| 245 |
_aSeraat-e-Mustaqeem / _cby Khalid Rashid Uppal. _6245-02 |
||
| 260 |
_aLahore : _bPremier Publishers. _c2013 _6260-03 |
||
| 300 |
_a739 p. ; _c25 cm. |
||
| 563 | _aHBK | ||
| 650 |
_aSeraat-e-Mustaqeem. _927729 |
||
| 880 |
_6100-01\(3\r _aخالد رشید اوپل |
||
| 880 |
_6245-02\(3\r _aصراط مستقیم/ _bخالد رشید اوپل |
||
| 880 |
_6260-03\(3\r _aلاہور: _bپریمئیر پبلشرز، _c2013 |
||
| 942 |
_cBK _2ddc |
||
| 999 |
_c328759 _d328759 |
||